000 00704nam a2200229Ii 4500
003 JO-AjNU
008 230605s9999||||xx |||||||||||||| ||und||
017 _a2012/10/3981
020 _a978-9957-77-150-8
040 _aJO-AjNU
_bara
_erda
_cJO-AjNU
041 _aara
050 1 4 _aPJ7805.8 2013
100 3 _aتأليف عبده، خالد فوزي,
_eauthor
_950072
245 0 0 _aتسابيح وتأملات
250 _aط1
264 3 1 _aعمان:دار المأمون للنشر،2012
300 _a344ص
336 _atext
_btxt
_2rdacontent
337 _aunmediated
_bn
_2rdamedia
338 _avolume
_bnc
_2rdacarrier
650 4 _aالشعر العربي - العصر الحديث
_950073
999 _aA22033
_c25601
_d25601